000 00906nmm a2200253 a 4500
003 AR-BaBNM
005 20251128204018.0
008 230120s1984 ||||||||||||||000 | spa||
040 _cAR-BaBNM
110 1 _aArgentina
_bMinisterio de Educación y Justicia
245 1 0 _aPolítica educacional en marcha
_bperíodo 10 de diciembre 1983/84
260 _aBuenos Aires
_bMinisterio de Educación y Justicia
_c1984
300 0 _a33 p.
500 0 _aContiene el Programa Educacional de la gestión del Ministro Carlos R.S. Alconada Aramburú
500 0 _aContiene información sobre el Plan Nacional de Alfabetización
650 4 _aDOCUMENTOS DE EDUCACION
650 4 _aREFORMA DE LA EDUCACION
650 4 _aDEMOCRATIZACION DE LA EDUCACION
650 4 _aPROGRAMAS DE ALFABETIZACION FUNCIONAL
650 4 _aPOLITICA EDUCATIVA
653 _aLEGISLACION EDUCATIVA
942 _cBK
998 _cMariana
999 _c5806
_d5806